000 01612 a2200253 4500
999 _c11382
_d11382
020 _a9780702075605
050 0 0 _aRB 33
_bO'Do 2020
100 1 _aO'Dowd, Geraldine,
_eauthor.
245 1 0 _aWheater's pathology :
_ba text, atlas and review of histopathology /
_cGeraldine O'Dowd, BSc (Hons), MBChB (Hons), FRCPath, Consultant Diagnostic Pathologist, Lanarkshire NHS Board, Honorary Clinical Senior Lecturer, University of Glasgow, Glasgow, UK, Sarah Bell, BSc Med Sci(Hons), MBChB(Hons), DipFMS, FRCPath, Consultant Pathologist, Department of Pathology, Queen Elizabeth University Hospital, Glasgow, UK, Sylvia Wright, BSc (Hons), MBChB (Hons), FRCPath, DipFMS, PG Cert Mol Path, Consultant Pathologist, Department of Pathology, Queen Elizabeth University Hospital, Glasgow, UK.
250 _aSixth edition.
264 1 _aEdinburgh ;
_aPhiladelphia, PA :
_bElsevier,
_c[2020]
300 _aix, 370 pages :
_billustrations (chiefly color) ;
336 _atext
_btxt
_2rdacontent
337 _aunmediated
_bn
_2rdamedia
338 _avolume
_bnc
_2rdacarrier
500 _aIncludes index.
500 _aRevised edition of: Wheater's basic pathology : a text, atlas and review of histopathology / William Stewart, Geraldine O'Dowd. 5th edition. Churchill Livingstone, 2009.
650 0 _aHistology, Pathological
700 1 _aWheater, Paul R.
_tBasic histopathology.
700 1 _aBell,Sarah
_eauthor
700 1 _aWright,Sylvia
_eauthor
942 _2lcc
_cBK
_esixth
_h33
_iO' Do
_kRB